Szczegóły MARC21

Droga do Rosji : spór o imperium carów (1761-1839) /

003 -Nazwa inst., której nr kontr. jest w polu 001 [,]
    • @
    • Nazwa instytucji, której n kontrolny jest w polu 001
    • NUKAT
005 -DATA I CZAS OSTATNIEJ MODYFIKACJI [,]
    • @
    • pole kontrolne
    • 20241231113548.0
020 -Międzynarod. znormalizowany nr książki - ISBN [ , ]
    • a
    • Numer ISBN
    • 9788323511496 Find
040 -Instytucja sporządzająca opis [ , ]
    • a
    • Instytucja, która sporządziła opis (NP)
    • OLSZT 003/DS
    • c
    • Instytucja, która sporządziła rekord (NP)
    • OLSZT 003/DS
    • d
    • Instytucja, która zmodyfikowała rekord (P)
    • WA U/JKs
041 -Język dokumentu [0, ]
    • a
    • Język tekstu (P)
    • polski
    • a
    • Język tekstu (P)
    • angielski
942 -Rodzaj dokumentu [ , ]
    • c
    • Rodzaj dokumentu
    • Książka
100 -Hasło główne - nazwa osobowa [1, ]
    • a
    • Nazwa osobowa (NP)
    • Forycki, Remigiusz
    • d
    • Daty biograficzne (NP)
    • (1950- ).
    • 9
    • KHW
    • 65624
245 -Strefa tytułu i oznaczenia odpowiedzialności [1,0]
    • a
    • Tytuł
    • Droga do Rosji : Find
    • b
    • Ciąg dalszy tytułu (NP)
    • spór o imperium carów (1761-1839) / Find
    • c
    • Pozostałe elementy strefy tytułu i oznaczenia odpowiedzialności (NP)
    • Remigiusz Forycki.
260 -Strefa adresu wydawniczego [ , ]
    • a
    • Miejsce wydania (P)
    • Warszawa :
    • b
    • Nazwa wydawcy (P)
    • Wydawnictwa Uniwersytetu Warszawskiego,
    • c
    • Data wydania (P)
    • 2013.
300 -Strefa opisu fizycznego [ , ]
    • a
    • Określenie formy książki i/lub objętość (NP)
    • 272 s. :
    • b
    • Oznaczenie ilustracji (NP)
    • il. ;
    • c
    • Format (NP)
    • 24 cm.
336 -Typ zawartości [ , ]
    • a
    • Termin opisujący typ zawartości
    • Tekst
    • b
    • Kod określający zawartość
    • txt
    • 2
    • Źródło (terminu i kodu)
    • rdacontent
337 -Typ mediów [ , ]
    • a
    • Tryb odtwarzania
    • Bez urządzenia pośredniczącego
    • b
    • Kod typu mediów
    • n
    • 2
    • Źródło (terminu i kodu)
    • rdamedia
338 -Typ/rodzaj nośnika [ , ]
    • a
    • Hasło opisujące typ nośnika
    • Wolumin
    • b
    • Kod typu nośnika
    • nc
    • 2
    • Źródło (terminu i kodu)
    • rdacarrier
504 -Uwaga dot. bibliogr. załącznikowej [ , ]
    • a
    • Uwaga dot. bibliografii załącznikowej
    • Bibliogr. s. 254-263.
546 -Uwaga dot. języka [ , ]
    • a
    • Uwaga dot. języka
    • Streszcz. ang.
080 -Uniwersalna Klasyfikacja Dziesiętna [ , ]
    • 2
    • Identyfikator wydania tablic
    • UDC-P058
    • 9
    • UKD
    • 7047
    • a
    • Symbol klasyfikacji
    • 94(470+571)
    • b
    • Dopowiedzenie
    • Historia. Rosja. Federacja Rosyjska.
    • 4
    • UKD2
    • 8205
    • x
    • Poddział wspólny
    • "17/18"
    • c
    • Dopowiedzenie poddz. wspólnego
    • Wiek XVIII/XIX.
080 -Uniwersalna Klasyfikacja Dziesiętna [ , ]
    • 2
    • Identyfikator wydania tablic
    • UDC-P058
    • 9
    • UKD
    • 6995
    • a
    • Symbol klasyfikacji
    • 94(4)
    • b
    • Dopowiedzenie
    • Historia Europy.
    • 4
    • UKD2
    • 8205
    • x
    • Poddział wspólny
    • "17/18"
    • c
    • Dopowiedzenie poddz. wspólnego
    • Wiek XVIII/XIX.
080 -Uniwersalna Klasyfikacja Dziesiętna [ , ]
    • 2
    • Identyfikator wydania tablic
    • UDC-P058
    • 9
    • UKD
    • 2826
    • a
    • Symbol klasyfikacji
    • 316.65
    • b
    • Dopowiedzenie
    • Opinia. Opinia publiczna. Tworzenie się i zmiana opinii.
    • 4
    • UKD2
    • 8205
    • x
    • Poddział wspólny
    • "17/18"
    • c
    • Dopowiedzenie poddz. wspólnego
    • Wiek XVIII/XIX.
650 -Hasło przedmiotowe [ ,7]
    • a
    • Hasło przedmiotowe
    • Opinia publiczna
    • z
    • Określnik geograficzny
    • Rosja
    • y
    • Określnik chronologiczny
    • 18 w.
    • 2
    • Źródło terminu
    • kaba
    • 9
    • KHW
    • 382026
650 -Hasło przedmiotowe [ ,7]
    • a
    • Hasło przedmiotowe
    • Opinia publiczna
    • z
    • Określnik geograficzny
    • Rosja
    • y
    • Określnik chronologiczny
    • 19 w.
    • 2
    • Źródło terminu
    • kaba
    • 9
    • KHW
    • 349386
651 -Hasło przedmiotowe w formie nazwy geograficznej [ ,7]
    • a
    • Nazwa geograficzna
    • Rosja
    • y
    • Określnik chronologiczny
    • 1689-1801
    • x
    • Określnik rzeczowy
    • opinia publiczna francuska.
    • 2
    • Źródło terminu
    • kaba
    • 9
    • KHW
    • 382027
651 -Hasło przedmiotowe w formie nazwy geograficznej [ ,7]
    • a
    • Nazwa geograficzna
    • Rosja
    • y
    • Określnik chronologiczny
    • 1801-1917
    • x
    • Określnik rzeczowy
    • opinia publiczna francuska.
    • 2
    • Źródło terminu
    • kaba
    • 9
    • KHW
    • 382028
980 -Symbol UKD [ , ]
    • a
    • UKD
    • 94(470+571:4):316.65]"17/18"
710 -Hasło dodatkowe - nazwa ciała zbiorowego [2, ]
    • a
    • Nazwa ciała zbiorowego lub nazwa geograficzna jako pierwszy element (NP)
    • Wydawnictwa Uniwersytetu Warszawskiego.
    • 4
    • Kod relacji
    • pbl
    • 9
    • KHW
    • 50781
856 -Dostęp do wersji elektronicznej [4,8]
920 -ISBN [ , ]
    • a
    • ISBN
    • 978-83-235-1149-6 Find
Lokalizacja Data inwentaryzacji Status udost. Numer inwentarzowy Sygnatura
BM2013-11-261P.24220ROS. Rosjoznawstwo 05